मयूर पंख : (Record no. 112491)

MARC details
000 -LEADER
fixed length control field 01009nam a22002537a 4500
005 - DATE AND TIME OF LATEST TRANSACTION
control field 20170124102939.0
010 ## - LIBRARY OF CONGRESS CONTROL NUMBER
LC control number B-157886
020 ## - INTERNATIONAL STANDARD BOOK NUMBER
Terms of availability 160.00
035 ## - SYSTEM CONTROL NUMBER
System control number B-157886
037 ## - SOURCE OF ACQUISITION
Source of stock number/acquisition Cen Lib/Ret
040 ## - CATALOGING SOURCE
Original cataloging agency DPL
Language of cataloging HN
082 ## - DEWEY DECIMAL CLASSIFICATION NUMBER
Classification number 821
Item number भारिल्ल
100 ## - MAIN ENTRY--PERSONAL NAME
Personal name भारिल्ल ,विज्ञान
9 (RLIN) 42466
245 ## - TITLE STATEMENT
Title मयूर पंख :
Statement of responsibility, etc विज्ञान भारिल्ल
Remainder of title गध काव्य /
246 ## - VARYING FORM OF TITLE
Title proper/short title mayur pankh :gadh kavaya
Remainder of title by Vigyaan Bharill
260 ## - PUBLICATION, DISTRIBUTION, ETC. (IMPRINT)
Place of publication, distribution, etc जयपुर
Name of publisher, distributor, etc रिसेअर्च पब्लिकेशन
Date of publication, distribution, etc 2000
270 ## - ADDRESS
Address 89,त्रिपोलिया
City जयपुर
300 ## - PHYSICAL DESCRIPTION
Extent 75पृष्ठ.
Dimensions 21सेमी (सजिल्द)
650 ## - SUBJECT ADDED ENTRY--TOPICAL TERM
Topical term or geographic name as entry element हिंदी साहित्य
9 (RLIN) 47851
650 ## - SUBJECT ADDED ENTRY--TOPICAL TERM
Topical term or geographic name as entry element हिंदी काव्य
9 (RLIN) 47852
650 ## - SUBJECT ADDED ENTRY--TOPICAL TERM
Topical term or geographic name as entry element hindi literature
9 (RLIN) 47853
650 ## - SUBJECT ADDED ENTRY--TOPICAL TERM
Topical term or geographic name as entry element Hindi poetry
9 (RLIN) 47854
942 ## - ADDED ENTRY ELEMENTS (KOHA)
Source of classification or shelving scheme Dewey Decimal Classification
Koha item type Hindi Books
Classification part 821
Call number suffix भारिल्ल
Holdings
Withdrawn status Lost status Damaged status Not for loan Home library Current library Date acquired Source of acquisition Cost, normal purchase price Total Checkouts Full call number Barcode Date last seen Copy number Cost, replacement price Price effective from Koha item type
        Central Library Central Library 08/08/2015 Cen Lib/Ret 160.00   821 भारिल्ल B-157886 08/08/2015 1 160.00 08/08/2015 Hindi Books

© Delhi Public Library
Hit Counter
free hit counter